Auditing : (Record no. 14061)

000 -LEADER
fixed length control field 00569nam a22001697a 4500
008 - FIXED-LENGTH DATA ELEMENTS--GENERAL INFORMATION
fixed length control field 160926b xxu||||| |||| 00| 0 eng d
020 ## - INTERNATIONAL STANDARD BOOK NUMBER
International Standard Book Number 9780070968295
050 ## - LIBRARY OF CONGRESS CALL NUMBER
Classification number HF 5667
Item number .S567 2010
100 ## - MAIN ENTRY--PERSONAL NAME
Personal name Smieliauskau, Wally J.
245 ## - TITLE STATEMENT
Title Auditing :
Remainder of title an international approach/
Statement of responsibility, etc. Wally J. Smieliauskas and Kathryn Bewley.
250 ## - EDITION STATEMENT
Edition statement 5th ed.
260 ## - PUBLICATION, DISTRIBUTION, ETC. (IMPRINT)
Place of publication, distribution, etc. Canada:
Name of publisher, distributor, etc. Mcgraw hill,
Date of publication, distribution, etc. 2010.
300 ## - PHYSICAL DESCRIPTION
Extent xxi,757p. :ill. ;
Other physical details Include index.
650 ## - SUBJECT ADDED ENTRY--TOPICAL TERM
Topical term or geographic name as entry element Auditing
General subdivision textbooks.
700 ## - ADDED ENTRY--PERSONAL NAME
Personal name Bewley, Kathryn.
942 ## - ADDED ENTRY ELEMENTS (KOHA)
Source of classification or shelving scheme
Koha item type Hard Covered Materials
Classification part HF 566 .S 567 2010
Holdings
Withdrawn status Lost status Source of classification or shelving scheme Damaged status Not for loan Home library Current library Shelving location Date acquired Source of acquisition Total Checkouts Full call number Barcode Date last seen Price effective from Koha item type
          MACHAKOS UNIVERSITY LIBRARY MACHAKOS UNIVERSITY LIBRARY Open shelf 26/09/2016 Donation(BFA)   HF 566 .S 567 2010 25636 03/06/2019 26/09/2016 Hard Covered Materials
© Machakos University Library, Along The Highway, Machakos Wote Rd, Machakos, Kenya P.O. Box 136 - 90100 Machakos - Kenya

Tel: ( +254 ) 723 805829 OR Fax : 044-20353 OR Email: library@mksu.ac.ke